[Event "Flint (MI Jr/3)"]
[Site "?"]
[Date "1993.??.??"]
[Round "?"]
[White "Boyer, Mike"]
[Black "McNeil, Yaking"]
[Result "1-0"]
[WhiteElo "1605"]
[BlackElo "1605"]
[PlyCount "95"]
[EventDate "1993.??.??"]

1. e4 c5 2. Nc3 Nc6 3. Bc4 Nf6 4. d3 e6 5. Nf3 Be7 6. Bf4 d6 7. Bb5 Bd7 8. Bc4
O-O 9. h3 e5 10. Bd2 Rb8 11. g4 Nxg4 12. hxg4 Bxg4 13. Rg1 Qc8 14. Be3 Kh8 15.
Qe2 f5 16. exf5 Qxf5 17. Nh4 Bxe2 18. Nxf5 Rxf5 19. Nxe2 b5 20. Bd5 Nb4 21. Be4
Nxc2+ 22. Kd2 Nxe3 23. fxe3 Rg5 24. Rh1 h6 25. Nc3 Rg3 26. Nd5 Bg5 27. b3 a5
28. Rab1 Rf8 29. Rhf1 Rxf1 30. Rxf1 Kg8 31. Nc7 Rxe3 32. Kc3 Re2 33. Ne6 Bf6
34. Nc7 Rxa2 35. Nxb5 Be7 36. Bd5+ Kh8 37. Rf7 Bf6 38. Be4 Kg8 39. Ra7 Kf8 40.
Nxd6 Ra1 41. Kc2 Ra2+ 42. Kc3 Bg5 43. Bd5 Be7 44. Ra8+ Bd8 45. Rxd8+ Ke7 46.
Nb7 Rf2 47. Rg8 Rg2 48. Bxg2 1-0

[Event "East Lansing (MOR/7/37)"]
[Site "?"]
[Date "1993.??.??"]
[Round "?"]
[White "Boyer, Mike"]
[Black "MacLean, C."]
[Result "1-0"]
[WhiteElo "1605"]
[BlackElo "1605"]
[PlyCount "83"]
[EventDate "1993.??.??"]

{7/(37)} 1. e4 e5 2. Nf3 Nc6 3. Bc4 Bc5 4. d3 Na5 5. Bb3 d6 6. h3 Nxb3 7. axb3
Nf6 8. Bd2 h6 9. Nc3 a6 10. Ne2 Be6 11. c4 Qd7 12. Ng3 c6 13. Nh4 g6 14. b4 Bd4
15. Bc3 Bxc3+ 16. bxc3 d5 17. exd5 cxd5 18. c5 d4 19. c4 O-O 20. Qf3 Kg7 21.
Ne4 Nxe4 22. Qxe4 Qc7 23. Ra5 f5 24. Qe2 Rfe8 25. O-O Bd7 26. f3 g5 27. Nxf5+
Bxf5 28. g4 Bg6 29. Kg2 Re7 30. Rd1 Rae8 31. Re1 Qc6 32. Qf2 Bxd3 33. Kh2 Bxc4
34. Raa1 Bd5 35. Ra3 Kg6 36. h4 Bxf3 37. h5+ Kf6 38. Rxf3+ Kg7 39. Rf1 Qd5 40.
Rf8 Qd7 41. Qf6+ Kh7 42. Qg6# 1-0

[Event "East Lansing (MOR/2/38)"]
[Site "?"]
[Date "1993.??.??"]
[Round "?"]
[White "Boyer, Mike"]
[Black "Hayes, P."]
[Result "0-1"]
[WhiteElo "1605"]
[BlackElo "1605"]
[PlyCount "90"]
[EventDate "1993.??.??"]

{2/(38)} 1. e4 e5 2. Nf3 Nc6 3. d3 d5 4. exd5 Qxd5 5. Nc3 Bb4 6. Bd2 Qd8 7. a3
Be7 8. Be2 Nf6 9. Bg5 O-O 10. Qd2 Be6 11. h4 Ng4 12. Bxe7 Qxe7 13. Qg5 f6 14.
Qd2 Rad8 15. Nh2 Nh6 16. Bh5 Nf5 17. Nf3 Nfd4 18. Nxd4 Nxd4 19. O-O-O b5 20.
Ne2 c5 21. Nxd4 cxd4 22. Qb4 Qc7 23. Bf3 a5 24. Qxb5 Rd6 25. h5 Rb8 26. Qxb8+
Qxb8 27. b3 Qc7 28. Kd2 Qc3+ 29. Ke2 Qxc2+ 30. Rd2 Qxb3 31. h6 Qxa3 32. hxg7 f5
33. g3 Kxg7 34. Rh5 Kg6 35. Rh1 Bd5 36. Bh5+ Kg5 37. f4+ exf4 38. gxf4+ Kxf4
39. Rf1+ Kg5 40. Bf3 Bxf3+ 41. Kxf3 Rg6 42. Rb1 Re6 43. Rg1+ Kf6 44. Rgg2 Re3+
45. Kf4 Qd6# 0-1

[Event "Lansing (MI Am/1)"]
[Site "?"]
[Date "1993.??.??"]
[Round "?"]
[White "Boyer, Mike"]
[Black "Grzegorczyk, Ron"]
[Result "0-1"]
[WhiteElo "1605"]
[BlackElo "1645"]
[PlyCount "64"]
[EventDate "1993.??.??"]

1. e4 c5 2. Nf3 Nc6 3. Nc3 e5 4. Bb5 Nge7 5. d3 a6 6. Ba4 d5 7. exd5 Nxd5 8.
Nxd5 Qxd5 9. Bxc6+ Qxc6 10. Rg1 f6 11. h3 Be6 12. Bd2 O-O-O 13. a3 Bd5 14. b4
e4 15. dxe4 Bxe4 16. bxc5 Bxc5 17. Rb1 Rhe8 18. Kf1 Qd5 19. Qe2 Bxc2 20. Be3
Bd3 21. Rc1 Bxe2+ 22. Kxe2 Kb8 23. Rgd1 Qa2+ 24. Rd2 Rxd2+ 25. Nxd2 Qxa3 26.
Kf1 Qxc1+ 27. Ke2 Bb4 28. Kf3 Bxd2 29. Bxd2 Qxd2 30. Kg3 Re2 31. f3 Rxg2+ 32.
Kh4 Qg5# 0-1

[Event "Flint (MI Jr/1)"]
[Site "?"]
[Date "1993.??.??"]
[Round "?"]
[White "Boyer, Mike"]
[Black "Charette, K."]
[Result "0-1"]
[WhiteElo "1605"]
[BlackElo "1605"]
[PlyCount "40"]
[EventDate "1993.??.??"]

1. e4 e5 2. Nf3 Nf6 3. d3 Nc6 4. Be2 d5 5. exd5 Nxd5 6. Bd2 Bc5 7. Nc3 Nf6 8.
h3 O-O 9. Bg5 h6 10. Bh4 Re8 11. Ne4 Bf5 12. Bxf6 gxf6 13. Nxc5 b6 14. Nb3 e4
15. Nh4 exd3 16. Nxf5 dxe2 17. Qxd8 Raxd8 18. Ng3 Nb4 19. Rc1 Nxc2+ 20. Rxc2
Rd1# 0-1

[Event "Flint (Class DE/4)"]
[Site "?"]
[Date "1993.??.??"]
[Round "?"]
[White "Boyer, Mike"]
[Black "Aydar, N."]
[Result "1-0"]
[WhiteElo "1605"]
[BlackElo "1605"]
[PlyCount "59"]
[EventDate "1993.??.??"]

1. e4 e6 2. d4 d5 3. e5 h6 4. Nf3 Nc6 5. Nc3 Bb4 6. Bd2 Nge7 7. a3 Ba5 8. Be2
Nf5 9. Be3 Nxe3 10. fxe3 Ne7 11. Nh4 Bd7 12. O-O Nc6 13. Qe1 Qg5 14. Qf2 O-O
15. b4 Bb6 16. Nf3 Qd8 17. Nh4 a5 18. b5 a4 19. bxc6 Bxc6 20. Bh5 Be8 21. Nb5
Bxb5 22. Bxf7+ Kh7 23. Rab1 Bd7 24. c3 Qe7 25. Qc2+ Kh8 26. Ng6+ Kh7 27. Nxe7+
Kh8 28. Ng6+ Kh7 29. Nxf8+ Kh8 30. Nxd7 1-0

[Event "East Lansing (MOR/4/39)"]
[Site "?"]
[Date "1993.??.??"]
[Round "?"]
[White "Boyer, Mike"]
[Black "Anderson, D."]
[Result "0-1"]
[WhiteElo "1605"]
[BlackElo "1605"]
[PlyCount "106"]
[EventDate "1993.??.??"]

{4/(39)} 1. e4 c5 2. Nc3 Nc6 3. Nf3 e6 4. Bc4 a6 5. d3 b5 6. Bb3 Na5 7. Qe2
Nxb3 8. axb3 Bb7 9. Ne5 d6 10. Nf3 Be7 11. Bd2 Nf6 12. g3 O-O 13. h3 b4 14. Nd1
Qc7 15. g4 d5 16. e5 Nd7 17. Bf4 d4 18. h4 Bxf3 19. Qxf3 Nxe5 20. Qe2 Bd6 21.
Bxe5 Bxe5 22. h5 Bf4 23. f3 h6 24. Nf2 Qc6 25. Nh3 Be3 26. Rf1 f5 27. Ng1 Bxg1
28. Rxg1 fxg4 29. fxg4 Rf3 30. O-O-O Raf8 31. Rg2 Re3 32. Qd2 Qe8 33. Re1 Rff3
34. Rxe3 Rxe3 35. Re2 Rxe2 36. Qxe2 Qf7 37. Kd2 Qf4+ 38. Kd1 e5 39. Qe4 Qxe4
40. dxe4 Kf7 41. Ke2 Kf6 42. Kf3 Kg5 43. Kg3 a5 44. Kh3 Kf4 45. Kh4 Kxe4 46. g5
Kf3 47. gxh6 gxh6 48. c3 d3 49. cxb4 axb4 50. Kh3 d2 51. Kh2 d1=Q 52. Kh3 Qg1
53. Kh4 Qg4# 0-1

[Event "Flint (MI Jr/4)"]
[Site "?"]
[Date "1993.??.??"]
[Round "?"]
[White "Borhani-Azar, C."]
[Black "Stinson, Darlene"]
[Result "1-0"]
[WhiteElo "1605"]
[BlackElo "1605"]
[PlyCount "65"]
[EventDate "1993.??.??"]

1. e4 e5 2. Nf3 Nf6 3. Nc3 Nc6 4. Bb5 a6 5. Bxc6 bxc6 6. d3 d6 7. Bg5 Be7 8. h3
h6 9. Bh4 Be6 10. O-O O-O 11. d4 Nxe4 12. Bxe7 Nxc3 13. Bxd8 Nxd1 14. Bxc7 Nxb2
15. Bxd6 Rfd8 16. Bxe5 Na4 17. a3 Nc3 18. Rfe1 Nb5 19. Red1 Bf5 20. Rd2 f6 21.
Bf4 Be4 22. c4 Bxf3 23. cxb5 Bd5 24. b6 g5 25. Bc7 c5 26. Bxd8 Rxd8 27. dxc5
Rd7 28. Rad1 Bc6 29. Rxd7 Bxd7 30. Rxd7 Kf8 31. b7 Ke8 32. Rh7 Kf8 33. b8=R#
1-0

[Event "Flint (MI Jr/1)"]
[Site "?"]
[Date "1993.??.??"]
[Round "?"]
[White "Borhani-Azar, C."]
[Black "Dowd, P."]
[Result "1-0"]
[WhiteElo "1605"]
[BlackElo "1605"]
[PlyCount "71"]
[EventDate "1993.??.??"]

1. e4 e5 2. Nf3 Nc6 3. Bb5 Nge7 4. O-O d5 5. exd5 Qxd5 6. Nc3 Qe6 7. Re1 Bd7 8.
d4 Nd5 9. Nxd5 Qxd5 10. Bxc6 Bxc6 11. Rxe5+ Qxe5 12. dxe5 Bc5 13. Qe2 O-O-O 14.
Be3 Bxe3 15. Qxe3 Rhe8 16. Nd4 Bd5 17. f4 c5 18. Nb5 b6 19. b3 Re7 20. Rd1 Red7
21. Nd6+ Rxd6 22. exd6 Rxd6 23. Qe5 Re6 24. Qxd5 Kc7 25. Qd7+ Kb8 26. Qxf7 Rc6
27. Rd8+ Rc8 28. Rxc8+ Kxc8 29. Qe7 a5 30. g4 b5 31. g5 h5 32. gxh6 gxh6 33. f5
a4 34. f6 axb3 35. f7 bxc2 36. f8=R# 1-0

[Event "Flint (MI Jr/3)"]
[Site "?"]
[Date "1993.??.??"]
[Round "?"]
[White "Borhani-Azar, C."]
[Black "Barker, Scott"]
[Result "1-0"]
[WhiteElo "1605"]
[BlackElo "1605"]
[PlyCount "119"]
[EventDate "1993.??.??"]

1. e4 e5 2. Nf3 Nf6 3. Nxe5 Qe7 4. Nf3 Nxe4 5. Qe2 Nf6 6. d3 Qxe2+ 7. Bxe2 Bb4+
8. Bd2 Bxd2+ 9. Nbxd2 O-O 10. O-O d6 11. Rfe1 Nc6 12. c3 Re8 13. d4 Bd7 14. Bc4
h6 15. Re3 Rxe3 16. fxe3 d5 17. Bd3 Re8 18. Re1 b6 19. e4 dxe4 20. Nxe4 Nxe4
21. Rxe4 Rxe4 22. Bxe4 a5 23. Kf2 Na7 24. Ne5 Be8 25. Ke3 f6 26. Nd3 Bb5 27.
Nf4 Bd7 28. Nd5 Bc6 29. Ne7+ Kf8 30. Nxc6 Nc8 31. b3 Nd6 32. c4 f5 33. Bf3 g5
34. g3 a4 35. Nb8 b5 36. cxb5 Nxb5 37. bxa4 Nc3 38. a5 g4 39. Bxg4 fxg4 40. a6
Na4 41. a7 Nb6 42. Nd7+ Nxd7 43. a8=Q+ Kg7 44. Qb7 Nf6 45. Qxc7+ Kg6 46. Qe5 h5
47. Qxf6+ Kxf6 48. a4 Ke6 49. Ke4 Kd6 50. a5 h4 51. a6 hxg3 52. hxg3 Kc6 53.
d5+ Kb6 54. d6 Kxa6 55. d7 Ka7 56. d8=Q Ka6 57. Qb8 Ka5 58. Kd4 Ka4 59. Kc4 Ka5
60. Qb5# 1-0

[Event "Eastpointe (EDO/3/18)"]
[Site "?"]
[Date "1993.??.??"]
[Round "?"]
[White "Bolter, C."]
[Black "Sunts, A."]
[Result "0-1"]
[WhiteElo "1605"]
[BlackElo "1605"]
[PlyCount "108"]
[EventDate "1993.??.??"]

{3/(18)} 1. Nf3 Nc6 2. g3 e5 3. d3 Be7 4. Bg2 d5 5. O-O h6 6. Nbd2 Nf6 7. c4 d4
8. a3 O-O 9. b4 a5 10. b5 Na7 11. Nxe5 Bc5 12. a4 Re8 13. Nef3 Bg4 14. Nb3 b6
15. h3 Bxf3 16. Bxf3 Rb8 17. Nxc5 bxc5 18. Ba3 Qd6 19. Qd2 Qb6 20. Rfe1 Nc8 21.
Bc6 Re6 22. Bf3 Nd6 23. Kg2 Rbe8 24. Ra2 Nh7 25. h4 Rf6 26. Rc2 Nf5 27. Bc6
Rxc6 28. bxc6 Qxc6+ 29. Kg1 Nxh4 30. f3 Nf5 31. Qf4 Qg6 32. Bc1 Nxg3 33. Qg4
Nf5 34. Qxg6 fxg6 35. Rb2 Nf6 36. Kf2 Re6 37. Rb5 Rc6 38. Bd2 g5 39. Bxa5 g4
40. Bd2 h5 41. Bg5 g3+ 42. Kg2 Nd7 43. Reb1 h4 44. a5 Rg6 45. f4 Re6 46. R1b2
Ne3+ 47. Kh1 h3 48. f5 Nxf5 49. Rb7 Ra6 50. Ra2 Ne5 51. Rxc7 Ng4 52. Rxc5 g2+
53. Kg1 Ng3 54. Ra1 Nxe2# 0-1

[Event "Eastpointe (EDO/1a/8)"]
[Site "?"]
[Date "1993.??.??"]
[Round "?"]
[White "Bolter, C."]
[Black "Morrow, Chris"]
[Result "0-1"]
[WhiteElo "1605"]
[BlackElo "1835"]
[PlyCount "99"]
[EventDate "1993.??.??"]

1. e4 Nc6 2. Nf3 d6 3. h3 Nf6 4. Nc3 g6 5. Bb5 Bd7 6. O-O a6 7. Ba4 b5 8. Bb3
b4 9. Na4 Nxe4 10. Re1 Nf6 11. c3 Bg7 12. d4 Na5 13. Bc2 bxc3 14. Nxc3 O-O 15.
Rb1 Re8 16. d5 c6 17. b4 Nc4 18. Bb3 cxd5 19. Nxd5 Nb6 20. Nxb6 Qxb6 21. a3 Bc6
22. Be3 Qb7 23. Ba4 Bxf3 24. Qxf3 Qxf3 25. gxf3 Rec8 26. Bb3 e6 27. Bb6 d5 28.
Bc5 Bf8 29. Bd4 Be7 30. Rec1 Ne8 31. Ba4 Bg5 32. Be3 Bxe3 33. fxe3 Nd6 34. Rc5
Nc4 35. Rb3 Kf8 36. Bd7 Rcb8 37. Bc6 Ra7 38. a4 Ne5 39. Kf2 Rxb4 40. Rxb4 Nd3+
41. Kg3 Nxb4 42. a5 Rc7 43. Kg4 Rxc6 44. Rxc6 Nxc6 45. Kf4 Nxa5 46. Ke5 Nb7 47.
Kd4 a5 48. Kc3 e5 49. Kc2 Nc5 50. Kc3 0-1

[Event "Flint (Beg/2)"]
[Site "?"]
[Date "1993.??.??"]
[Round "?"]
[White "Boegler, D."]
[Black "McNamara, Ron"]
[Result "0-1"]
[WhiteElo "1605"]
[BlackElo "1605"]
[PlyCount "104"]
[EventDate "1993.??.??"]

1. e4 e5 2. Nf3 Nc6 3. Bc4 Nf6 4. d3 b6 5. Nc3 Bb7 6. O-O Bc5 7. Ng5 O-O 8.
Nxf7 Rxf7 9. Bxf7+ Kxf7 10. Be3 Nd4 11. b3 Qe7 12. Qd2 Rf8 13. Rae1 d6 14. Bxd4
Bxd4 15. Ne2 Kg8 16. c3 Bxc3 17. Qxc3 Ng4 18. Ng3 Qh4 19. h3 c5 20. hxg4 Rf6
21. Nh5 Rh6 22. f3 Bc8 23. Qc4+ Be6 24. Qc1 Bxg4 25. fxg4 Qxg4 26. Qd1 Qh4 27.
Qf3 Qe7 28. Rf2 g6 29. Nf6+ Kg7 30. Ref1 g5 31. Nd5 Qe8 32. Qf6+ Rxf6 33. Nxf6
Qb5 34. Nh5+ Kg6 35. Nf6 Qxd3 36. Rf5 h6 37. R5f3 Qd4+ 38. R1f2 h5 39. g3 h4
40. gxh4 g4 41. Nxg4 Kh5 42. Nf6+ Kxh4 43. Kh2 Kg5 44. Kg3 Kg6 45. Rf5 Kf7 46.
Nh7+ Ke7 47. Rf7+ Ke8 48. Nf6+ Kxf7 49. Nh7+ Ke7 50. Rf6 Qe3+ 51. Kg4 Qxe4+ 52.
Kg5 Qxh7 0-1

[Event "Flint (Beg/3)"]
[Site "?"]
[Date "1993.??.??"]
[Round "?"]
[White "Boegler, D."]
[Black "Kenworthy, Mark"]
[Result "0-1"]
[WhiteElo "1605"]
[BlackElo "1605"]
[PlyCount "70"]
[EventDate "1993.??.??"]

1. e4 Nc6 2. Nc3 Nf6 3. Bc4 e6 4. d3 Bb4 5. Nf3 d5 6. O-O Bxc3 7. Bb3 Bb4 8.
Qe2 e5 9. a3 Bc5 10. Bg5 h6 11. Bh4 g5 12. Bg3 Nd4 13. Qd2 Bg4 14. Nxd4 Bxd4
15. c3 Bb6 16. Rad1 Bxd1 17. Rxd1 Ng4 18. Bxd5 Rb8 19. h3 Nf6 20. Kh1 Nxd5 21.
exd5 Qxd5 22. c4 Qd4 23. Re1 f6 24. Qe2 Rh7 25. Qf3 Rf7 26. b3 Qc3 27. Re4 Rd8
28. Qh5 Qd2 29. f3 Qd1+ 30. Be1 Rd4 31. Re3 Rxd3 32. Re4 Re3 33. Rxe3 Bxe3 34.
Qxh6 Qxe1+ 35. Kh2 Bf2 0-1

[Event "Eastpointe (EDO/3/21)"]
[Site "?"]
[Date "1993.??.??"]
[Round "?"]
[White "Bloch, S."]
[Black "Moore, De"]
[Result "0-1"]
[WhiteElo "1605"]
[BlackElo "1605"]
[PlyCount "34"]
[EventDate "1993.??.??"]

{3/(21)} 1. Nf3 Nf6 2. d4 d5 3. Bg5 h6 4. Bf4 Bf5 5. h3 Nc6 6. Nc3 a6 7. Qd2 e6
8. O-O-O Bb4 9. g4 Be4 10. a4 Na5 11. b3 Bh7 12. Ne5 Ne4 13. Nxe4 Bxd2+ 14.
Rxd2 Bxe4 15. Rg1 Qe7 16. f3 Qa3+ 17. Kb1 Qa1+ 0-1

[Event "Troy (TCC/DEU/2/3)"]
[Site "?"]
[Date "1993.??.??"]
[Round "?"]
[White "Bloch, S."]
[Black "Houston, Ryan"]
[Result "0-1"]
[WhiteElo "1605"]
[BlackElo "1605"]
[PlyCount "82"]
[EventDate "1993.??.??"]

{2/(3)} 1. Nf3 d5 2. g3 Nc6 3. Bg2 Nf6 4. O-O e6 5. b3 b6 6. Bb2 Be7 7. e3 Bb7
8. d3 O-O 9. Nc3 Qd6 10. a4 Qd7 11. Qc1 Nb4 12. h3 c5 13. Ne5 Qc7 14. Ng4 Nxg4
15. hxg4 a6 16. d4 cxd4 17. exd4 a5 18. Nb5 Qxc2 19. Qxc2 Nxc2 20. Rab1 Ba6 21.
Rbc1 Bxb5 22. axb5 Rac8 23. f3 Ba3 24. Rb1 Bxb2 25. Rxb2 Nxd4 26. Rd1 Nxb5 27.
Bf1 Nd6 28. Rdd2 g6 29. Rdc2 Rxc2 30. Rxc2 Rc8 31. Rxc8+ Nxc8 32. Ba6 Na7 33.
f4 b5 34. f5 a4 35. bxa4 bxa4 36. Bd3 a3 37. Bb1 Nc6 38. fxe6 fxe6 39. g5 Nb4
40. g4 a2 41. Bxa2 Nxa2 0-1

[Event "Troy (TCC/DEU/5/11)"]
[Site "?"]
[Date "1993.??.??"]
[Round "?"]
[White "Bloch, S."]
[Black "DeVoll, J."]
[Result "0-1"]
[WhiteElo "1605"]
[BlackElo "1605"]
[PlyCount "68"]
[EventDate "1993.??.??"]

{5/(11)} 1. Nf3 Nf6 2. g3 d6 3. Bg2 e5 4. d3 Nc6 5. Nbd2 Be6 6. O-O Qd7 7. b3
Bh3 8. Ne4 Bxg2 9. Kxg2 Be7 10. Nxf6+ Bxf6 11. e4 Ne7 12. h4 g6 13. Bg5 Bxg5
14. hxg5 O-O-O 15. a4 h6 16. Qd2 hxg5 17. Rh1 f6 18. Qe3 Kb8 19. Rxh8 Rxh8 20.
Rh1 Rxh1 21. Kxh1 d5 22. exd5 Nxd5 23. Qe4 Ne7 24. Ng1 f5 25. Qg2 g4 26. b4
Qxa4 27. c3 Qb3 28. Qf1 Qxc3 29. Nf3 gxf3 30. b5 Qb3 31. Qh3 Qd1+ 32. Kh2 Nc8
33. Qh8 Qf1 34. g4 Qg2# 0-1

[Event "Flint (Class C/3)"]
[Site "?"]
[Date "1993.??.??"]
[Round "?"]
[White "Bloch, Hermann"]
[Black "Snobeck, Michael"]
[Result "1-0"]
[WhiteElo "1605"]
[BlackElo "1605"]
[PlyCount "77"]
[EventDate "1993.??.??"]

1. e4 c5 2. Nf3 d6 3. Bb5+ Nc6 4. d4 cxd4 5. Nxd4 Bd7 6. O-O Nf6 7. Re1 g6 8.
Nxc6 bxc6 9. Bc4 e5 10. Bg5 h6 11. Bh4 g5 12. Bg3 h5 13. h4 gxh4 14. Bxh4 Rh6
15. Nc3 Be7 16. Bxf6 Bxf6 17. Qxd6 Bg7 18. Qd3 Qf6 19. Rad1 Rd8 20. Qe3 Rg6 21.
Ne2 Bh3 22. Rxd8+ Qxd8 23. Qxh3 Ke7 24. Qa3+ Ke8 25. Qxa7 Rf6 26. Ng3 Qd2 27.
Qa8+ Ke7 28. Qb7+ Kd8 29. Qb6+ Ke8 30. Re2 Qc1+ 31. Nf1 Bh6 32. a4 Bf4 33. a5
Bh2+ 34. Kxh2 Rf4 35. Qb8+ Ke7 36. Qxe5+ Kf8 37. Qxh5 Kg7 38. Ne3 Kf8 39. Qh6+
1-0

[Event "Flint (Class C/2)"]
[Site "?"]
[Date "1993.??.??"]
[Round "?"]
[White "Bloch, Hermann"]
[Black "Motley, Gerald"]
[Result "1/2-1/2"]
[WhiteElo "1605"]
[BlackElo "1605"]
[PlyCount "106"]
[EventDate "1993.??.??"]

1. e4 e5 2. Nf3 Nc6 3. Bb5 d6 4. h3 Bd7 5. O-O Be7 6. Nc3 Nf6 7. d4 exd4 8.
Nxd4 Ne5 9. Bxd7+ Qxd7 10. Nf5 g6 11. Nxe7 Qxe7 12. Qd4 Nc6 13. Qd3 h6 14. a3
O-O-O 15. b4 Nd7 16. f4 Rde8 17. Bb2 Rhg8 18. Rae1 f5 19. Nd5 Qh4 20. Kh2 fxe4
21. Rxe4 Rxe4 22. Qxe4 Qd8 23. b5 Nc5 24. Qe1 Re8 25. Qg3 Ne7 26. Nxe7+ Qxe7
27. Qxg6 Qe2 28. Qg4+ Qxg4 29. hxg4 Rg8 30. f5 Kd8 31. Kh3 Ke8 32. Bc1 Ne4 33.
Re1 d5 34. Re2 Kf7 35. Bb2 h5 36. gxh5 Rg5 37. g4 Rg8 38. Rg2 Ng5+ 39. Kg3 c5
40. bxc6 bxc6 41. h6 c5 42. Be5 d4 43. Rh2 Nh7 44. Re2 Re8 45. Kf2 Rg8 46. Bg7
Ng5 47. f6 Kg6 48. Re7 c4 49. Rxa7 d3 50. cxd3 cxd3 51. Rd7 d2 52. Ke2 Ra8 53.
Kxd2 Rxa3 1/2-1/2

[Event "East Lansing (MOR/2/8)"]
[Site "?"]
[Date "1993.??.??"]
[Round "?"]
[White "Blake, J."]
[Black "Walquist, Elaine"]
[Result "1-0"]
[WhiteElo "1740"]
[BlackElo "1605"]
[PlyCount "33"]
[EventDate "1993.??.??"]

{2/(8)} 1. e4 e5 2. Nf3 Nc6 3. Bc4 Nf6 4. Ng5 Bc5 5. Nxf7 Bxf2+ 6. Kf1 Qe7 7.
Nxh8 d5 8. exd5 Nd4 9. c3 Bg4 10. Qa4+ Nd7 11. Kxf2 Qh4+ 12. Kf1 Ne2 13. Bb5
Qf6+ 14. Ke1 Qh4+ 15. g3 Nxg3 16. Bxd7+ Ke7 17. Qxg4 1-0

[Event "East Lansing (MOR/4/11)"]
[Site "?"]
[Date "1993.??.??"]
[Round "?"]
[White "Blake, J."]
[Black "Alliston, Richard"]
[Result "0-1"]
[WhiteElo "1740"]
[BlackElo "1605"]
[PlyCount "104"]
[EventDate "1993.??.??"]

{4/(11)} 1. e4 e5 2. Nf3 d6 3. Bc4 h6 4. O-O Nf6 5. Nc3 Be7 6. d3 Bg4 7. h3 Bh5
8. Be3 Nbd7 9. a3 a6 10. g4 Bg6 11. Nh2 Nh7 12. f4 exf4 13. Bxf4 Ng5 14. Kg2
Ne5 15. Bxe5 dxe5 16. Nf3 Qd6 17. Nh4 O-O-O 18. Nd5 Bh7 19. Ba2 Nxe4 20. Nxe7+
Qxe7 21. Nf5 Bxf5 22. Rxf5 f6 23. Qh1 Nc5 24. b4 Nd7 25. Bd5 Nb6 26. Bb3 Rd4
27. Re1 Qd6 28. Qh2 Re8 29. Kf1 Re7 30. Re3 Nd5 31. Bxd5 Qxd5 32. c4 Qd8 33.
Qc2 e4 34. Rd5 Rxd5 35. cxd5 Qxd5 36. Rxe4 Rxe4 37. dxe4 Qd4 38. Ke2 c6 39. Qd3
Qxd3+ 40. Kxd3 Kd7 41. Kd4 Kd6 42. a4 b6 43. h4 g6 44. h5 gxh5 45. gxh5 c5+ 46.
bxc5+ bxc5+ 47. Kc4 Ke5 48. Kxc5 Kxe4 49. a5 f5 50. Kc4 Ke3 51. Kc3 f4 52. Kc2
Ke2 0-1

[Event "Westland (MI Women/4/3)"]
[Site "?"]
[Date "1993.??.??"]
[Round "?"]
[White "Bishop, T."]
[Black "Tucker, L."]
[Result "0-1"]
[WhiteElo "1605"]
[BlackElo "2070"]
[PlyCount "68"]
[EventDate "1993.??.??"]

{4/(3)} 1. e4 c5 2. Nf3 e6 3. d4 cxd4 4. Qxd4 Nc6 5. Qd1 Nf6 6. e5 Nd5 7. Bc4
Nb6 8. Bd3 d5 9. exd6 Bxd6 10. O-O Qc7 11. g3 h6 12. Re1 Bd7 13. Nc3 a6 14. a3
Ne5 15. Nxe5 Bxe5 16. f4 Bd4+ 17. Be3 Bxe3+ 18. Rxe3 O-O-O 19. Qd2 Bc6 20. Qe2
h5 21. f5 Bd7 22. fxe6 Bxe6 23. Rd1 h4 24. Qf3 Nd5 25. Nxd5 Bxd5 26. Qg4+ Kb8
27. Qxg7 Rhg8 28. Qe5 Qxe5 29. Rxe5 hxg3 30. hxg3 Rxg3+ 31. Kf2 Rg2+ 32. Kf1
Bc6 33. b4 Rh8 34. Re2 Rh1# 0-1

[Event "Westland (MI Women/2/4)"]
[Site "?"]
[Date "1993.??.??"]
[Round "?"]
[White "Bishop, T."]
[Black "Raupp, Christine"]
[Result "0-1"]
[WhiteElo "1605"]
[BlackElo "1605"]
[PlyCount "44"]
[EventDate "1993.??.??"]

{2/(4)} 1. e4 e6 2. d4 d5 3. exd5 exd5 4. Nc3 Bb4 5. Bd2 Nc6 6. Nf3 Be6 7. Qe2
Nf6 8. O-O-O Bxc3 9. Bxc3 O-O 10. Ng5 Bg4 11. f3 Re8 12. Qb5 Bf5 13. Qxb7 Ne7
14. g4 Bg6 15. Re1 Qd6 16. Bb4 Qf4+ 17. Bd2 Qxd4 18. Qxc7 Rac8 19. Be3 Qb4 20.
Bd2 Qa4 21. b3 Qxa2 22. Be3 Rxc7 0-1

[Event "East Lansing (MOR/2/51)"]
[Site "?"]
[Date "1993.??.??"]
[Round "?"]
[White "Biondo, Anthony"]
[Black "Spencer, Gordon"]
[Result "0-1"]
[WhiteElo "1605"]
[BlackElo "1605"]
[PlyCount "116"]
[EventDate "1993.??.??"]

{2/(51)} 1. e4 e5 2. Nf3 Nf6 3. Nxe5 d6 4. Nf3 Nxe4 5. Qe2 Qe7 6. d3 Nf6 7. Nc3
Bg4 8. Qxe7+ Bxe7 9. Ng5 h6 10. Nh3 a6 11. g3 Nc6 12. Bg2 Bxh3 13. Bxh3 Nd4 14.
Rb1 Nxc2+ 15. Kf1 Nb4 16. d4 d5 17. a3 Nc6 18. Bg2 Nxd4 19. Bxd5 c6 20. Bc4 b5
21. Bd3 O-O 22. Be3 Rad8 23. b4 c5 24. bxc5 Bxc5 25. a4 b4 26. Nd1 a5 27. Nb2
Nd5 28. Bxd4 Bxd4 29. Nc4 Nc3 30. Rb3 Rd5 31. Kg2 Re8 32. Rf1 Nxa4 33. Ra1 Nc5
34. Rxa5 Rdd8 35. Rxb4 Nxd3 36. Nd2 Bc3 37. Rbb5 Bxd2 38. Ra1 Re2 39. Kf3 Rde8
40. Kg2 Rxf2+ 41. Kh1 Re1+ 42. Rxe1 Nxe1 43. Kg1 Be3 44. Rb8+ Kh7 45. Rb3 Rb2+
46. Kh1 Rxb3 47. h4 h5 48. g4 Bf2 49. gxh5 Bxh4 50. Kg1 f5 51. Kf1 f4 52. Ke2
f3+ 53. Kd2 f2 54. Kc1 Rf3 55. Kd1 f1=Q 56. Kd2 Qg2+ 57. Kd1 Rf1 58. Kc1 Nf3#
0-1

[Event "East Lansing (MOR/6/44)"]
[Site "?"]
[Date "1993.??.??"]
[Round "?"]
[White "Biondo, Anthony"]
[Black "Carpenter, O."]
[Result "0-1"]
[WhiteElo "1605"]
[BlackElo "1605"]
[PlyCount "60"]
[EventDate "1993.??.??"]

{6/(44)} 1. e4 c5 2. Nf3 Nc6 3. Nc3 d6 4. Bc4 Nf6 5. Ng5 e6 6. d3 h6 7. Nf3 a6
8. Be3 g6 9. Ne2 Bg7 10. c3 O-O 11. Qa4 Bd7 12. d4 b5 13. Qb3 bxc4 14. Qxc4
cxd4 15. cxd4 Nxe4 16. d5 exd5 17. Qxd5 Qa5+ 18. Kf1 Qxd5 19. Nf4 Qb5+ 20. Kg1
Qxb2 21. Rd1 Nxf2 22. Rd2 Qb1+ 23. Kxf2 Qxh1 24. Rxd6 Rfd8 25. Bb6 Rdb8 26. Bc7
Rb2+ 27. Kg3 Ne5 28. Nxe5 Bxe5 29. Rxd7 Qxg2+ 30. Kh4 Bf6# 0-1

[Event "East Lansing (MOR/3/51)"]
[Site "?"]
[Date "1993.??.??"]
[Round "?"]
[White "Biondo, Anthony"]
[Black "Calabria, John"]
[Result "1-0"]
[WhiteElo "1605"]
[BlackElo "1605"]
[PlyCount "61"]
[EventDate "1993.??.??"]

{3/(51)} 1. e4 e6 2. d4 d5 3. e5 Ne7 4. Nf3 Ng6 5. g3 Nd7 6. Bg2 c5 7. Nc3 cxd4
8. Qxd4 Bc5 9. Qd1 Ngxe5 10. Nxe5 Nxe5 11. O-O d4 12. Nb5 Qb6 13. Qe2 Nc6 14.
Bf4 O-O 15. Nc7 d3 16. cxd3 Nd4 17. Qe4 f5 18. Qe5 Qxb2 19. Qxc5 Ne2+ 20. Kh1
b6 21. Qe5 Qc2 22. Nxa8 Ba6 23. Qxe6+ Kh8 24. Qe5 Rc8 25. Rfc1 Nxc1 26. Rxc1
Qxc1+ 27. Bxc1 Rxc1+ 28. Bf1 Rxf1+ 29. Kg2 h6 30. Kxf1 Bxd3+ 31. Kg1 1-0

[Event "East Lansing (MOR/5/45)"]
[Site "?"]
[Date "1993.??.??"]
[Round "?"]
[White "Biondo, Anthony"]
[Black "Brelitch, D."]
[Result "1/2-1/2"]
[WhiteElo "1605"]
[BlackElo "1605"]
[PlyCount "120"]
[EventDate "1993.??.??"]

{5/(45)} 1. e4 d6 2. d4 Nf6 3. Nc3 g6 4. g3 Bg7 5. Bg2 O-O 6. Bg5 Nc6 7. d5 Ne5
8. Bf4 Nfg4 9. Nf3 c5 10. O-O Nxf3+ 11. Bxf3 Nf6 12. Qd3 Bg4 13. Bxg4 Nxg4 14.
Rad1 Qd7 15. b3 Nf6 16. Rd2 Qh3 17. Rfd1 Ng4 18. f3 Ne5 19. Bxe5 Bxe5 20. f4
Bd4+ 21. Kh1 Bxc3 22. Qxc3 f6 23. Rg1 Qd7 24. g4 Qb5 25. f5 g5 26. a4 Qb4 27.
Qxb4 cxb4 28. c4 bxc3 29. Rc2 Rac8 30. Rgc1 a6 31. Rxc3 Rxc3 32. Rxc3 b5 33.
Rc7 Kf7 34. Rb7 Rc8 35. axb5 axb5 36. Rxb5 Rc3 37. Kg2 Re3 38. Rb4 Re2+ 39. Kf3
Rxh2 40. Rc4 Rh3+ 41. Ke2 Rxb3 42. Kf2 h5 43. gxh5 Rh3 44. Kg2 Rxh5 45. Kg3 Rh4
46. Kg2 g4 47. Kg3 Rh1 48. Kxg4 Rf1 49. Rd4 Rg1+ 50. Kf4 Kg7 51. Rd3 Rf1+ 52.
Ke3 Re1+ 53. Kf4 Kf7 54. Rh3 Rf1+ 55. Rf3 Rxf3+ 56. Kxf3 Kg7 57. Kg4 Kh6 58.
Kh4 Kg7 59. Kh5 Kh7 60. Kh4 Kh6 1/2-1/2

[Event "Lansing (MI Am/1)"]
[Site "?"]
[Date "1993.??.??"]
[Round "?"]
[White "Bezrutch, B."]
[Black "Ward, Tim"]
[Result "0-1"]
[WhiteElo "1605"]
[BlackElo "1885"]
[PlyCount "52"]
[EventDate "1993.??.??"]

1. e4 e6 2. d4 d5 3. e5 c5 4. c3 Nc6 5. Nf3 Bd7 6. Bd3 Qb6 7. dxc5 Bxc5 8. O-O
Qc7 9. Qe2 Nge7 10. Nbd2 Ng6 11. Re1 Nf4 12. Qf1 Qb6 13. Kh1 Ne7 14. Nb3 Nxd3
15. Qxd3 Bxf2 16. Rf1 Bb5 17. Qd1 Bxf1 18. Qxf1 O-O 19. Nbd4 Bxd4 20. cxd4 Rac8
21. g4 Rc7 22. Bg5 Rfc8 23. Qh3 Qxb2 24. Rg1 Ng6 25. Bf6 Rc1 26. Ng5 Rxg1+ 0-1